Study on financial performance analysis of selected steel companies if India / (Record no. 231623)
[ view plain ]
| 000 -LEADER | |
|---|---|
| fixed length control field | 00678nam a22001937a 4500 |
| 003 - CONTROL NUMBER IDENTIFIER | |
| control field | OSt |
| 005 - DATE AND TIME OF LATEST TRANSACTION | |
| control field | 20240828113821.0 |
| 008 - FIXED-LENGTH DATA ELEMENTS--GENERAL INFORMATION | |
| fixed length control field | 240828b ||||| |||| 00| 0 eng d |
| 040 ## - CATALOGING SOURCE | |
| Transcribing agency | AIMIT LIBRARY |
| 100 ## - MAIN ENTRY--PERSONAL NAME | |
| Personal name | Merlin. |
| Relator term | 2216102 |
| 9 (RLIN) | 178085 |
| 245 ## - TITLE STATEMENT | |
| Title | Study on financial performance analysis of selected steel companies if India / |
| Statement of responsibility, etc. | By Merlin ; Guided by Steevan D Souza N. |
| 260 ## - PUBLICATION, DISTRIBUTION, ETC. | |
| Place of publication, distribution, etc. | Bengaluru : |
| Date of publication, distribution, etc. | 2024. |
| 650 ## - SUBJECT ADDED ENTRY--TOPICAL TERM | |
| Topical term or geographic name entry element | Research questions Scopy of the study |
| 9 (RLIN) | 178086 |
| 650 ## - SUBJECT ADDED ENTRY--TOPICAL TERM | |
| Topical term or geographic name entry element | Altman bankruptcy model |
| 9 (RLIN) | 178087 |
| 650 ## - SUBJECT ADDED ENTRY--TOPICAL TERM | |
| Topical term or geographic name entry element | Managerial implication |
| 9 (RLIN) | 178088 |
| 700 ## - ADDED ENTRY--PERSONAL NAME | |
| Personal name | D Souza Steevan N. |
| Relator term | Guide |
| 9 (RLIN) | 178089 |
| 856 ## - ELECTRONIC LOCATION AND ACCESS | |
| Materials specified | KIOCL Limited |
| Link text | www.kioclltd.in |
| 942 ## - ADDED ENTRY ELEMENTS (KOHA) | |
| Source of classification or shelving scheme | Dewey Decimal Classification |
| Koha item type | Project Report |
| Withdrawn status | Lost status | Source of classification or shelving scheme | Damaged status | Not for loan | Collection code | Home library | Current library | Shelving location | Date acquired | Total Checkouts | Barcode | Date last seen | Copy number | Uniform Resource Identifier | Price effective from | Koha item type |
|---|---|---|---|---|---|---|---|---|---|---|---|---|---|---|---|---|
| Dewey Decimal Classification | Not for loan | Project Report MBA | St Aloysius Institute of Management & Information Technology | St Aloysius Institute of Management & Information Technology | Dissertations | 08/28/2024 | PRB02316 | 08/28/2024 | 2216102 | www.kioclltd.in | 08/28/2024 | Project Report |